<?xml version="1.0" encoding="UTF-8"?>
<record
    xmlns:xsi="http://www.w3.org/2001/XMLSchema-instance"
    xsi:schemaLocation="http://www.loc.gov/MARC21/slim http://www.loc.gov/standards/marcxml/schema/MARC21slim.xsd"
    xmlns="http://www.loc.gov/MARC21/slim">

  <leader>01094nam a2200265 i 4500</leader>
  <controlfield tag="001">186965</controlfield>
  <controlfield tag="003">SpMaBN</controlfield>
  <controlfield tag="005">20230906222802.0</controlfield>
  <controlfield tag="008">170309s1978    sp be        |||| | spa d</controlfield>
  <datafield tag="080" ind1=" " ind2=" ">
    <subfield code="a">262.3(460.18)"13/14"</subfield>
  </datafield>
  <datafield tag="080" ind1=" " ind2=" ">
    <subfield code="a">308 : 282(460.18)"13/14"</subfield>
  </datafield>
  <datafield tag="100" ind1="1" ind2=" ">
    <subfield code="a">S&#xE1;nchez Herrero, Jos&#xE9;.</subfield>
    <subfield code="9">102698</subfield>
  </datafield>
  <datafield tag="245" ind1="1" ind2="4">
    <subfield code="a">Las di&#xF3;cesis del reino de Le&#xF3;n </subfield>
    <subfield code="b">: siglos XIV y XV / </subfield>
    <subfield code="c">Jos&#xE9; S&#xE1;nchez Herrero.</subfield>
  </datafield>
  <datafield tag="260" ind1=" " ind2=" ">
    <subfield code="a">Le&#xF3;n : </subfield>
    <subfield code="b">Centro de Estudios e Investigaci&#xF3;n "San Isidoro" : </subfield>
    <subfield code="b">Archivo Hist&#xF3;rico Diocesano, </subfield>
    <subfield code="c">1978.</subfield>
  </datafield>
  <datafield tag="300" ind1=" " ind2=" ">
    <subfield code="a">513 p. : </subfield>
    <subfield code="b">mapas, planos ; </subfield>
    <subfield code="c">24 cm.</subfield>
  </datafield>
  <datafield tag="490" ind1="1" ind2=" ">
    <subfield code="a">Fuentes y estudios de historia leonesa ; </subfield>
    <subfield code="v">20</subfield>
  </datafield>
  <datafield tag="504" ind1=" " ind2=" ">
    <subfield code="a">Bibliograf&#xED;a : p. 14-26.</subfield>
  </datafield>
  <datafield tag="598" ind1=" " ind2=" ">
    <subfield code="a">Col. patrocinada y dir. por Archivo Hist&#xF3;rico Diocesano de Le&#xF3;n.</subfield>
  </datafield>
  <datafield tag="650" ind1=" " ind2="4">
    <subfield code="a">Di&#xF3;cesis-</subfield>
    <subfield code="z">Le&#xF3;n (Reino)</subfield>
    <subfield code="9">162039</subfield>
  </datafield>
  <datafield tag="710" ind1="2" ind2=" ">
    <subfield code="a">Centro de Estudios e Investigaci&#xF3;n "San Isidoro"</subfield>
    <subfield code="9">134242</subfield>
  </datafield>
  <datafield tag="710" ind1="2" ind2=" ">
    <subfield code="a">Archivo Hist&#xF3;rico Diocesano de Le&#xF3;n.</subfield>
    <subfield code="9">144237</subfield>
  </datafield>
  <datafield tag="830" ind1="1" ind2=" ">
    <subfield code="a">Fuentes y estudios de historia leonesa ; </subfield>
    <subfield code="v">20</subfield>
    <subfield code="9">192719</subfield>
  </datafield>
  <datafield tag="852" ind1=" " ind2=" ">
    <subfield code="a">ES-MaACL</subfield>
    <subfield code="j">L-31210   </subfield>
    <subfield code="z">- Enc. guaflex</subfield>
  </datafield>
  <datafield tag="999" ind1=" " ind2=" ">
    <subfield code="c">186965</subfield>
    <subfield code="d">186965</subfield>
  </datafield>
  <datafield tag="952" ind1=" " ind2=" ">
    <subfield code="0">0</subfield>
    <subfield code="1">0</subfield>
    <subfield code="4">0</subfield>
    <subfield code="7">0</subfield>
    <subfield code="a">ATENEOM</subfield>
    <subfield code="b">ATENEOM</subfield>
    <subfield code="c">DEPO2</subfield>
    <subfield code="d">2017-03-09</subfield>
    <subfield code="e">DON</subfield>
    <subfield code="l">0</subfield>
    <subfield code="o">L-31210</subfield>
    <subfield code="p">1197223</subfield>
    <subfield code="r">2023-02-23 00:00:00</subfield>
    <subfield code="w">2023-02-23</subfield>
    <subfield code="y">MONOGRAFIA</subfield>
  </datafield>
</record>
